000 00678nam a2200265Ia 4500
001 4776
005 20240113233758.0
007 ta
008 050614s1977 g b000 u asm u
020 _cHB
040 _aCotton College,Assam
041 _aasm
082 _a294.5
_bSa 74 B
100 _aSarma, Tirthanath .
245 0 _aBhaktibad /
_cTirthanath Sarma.
_hTextual Documents
250 _a1st ed. /
260 _aGuwahati :
_bAsam Prakashan Parishad ,
_c1977.
300 _a130p. ;
_c21cm.
653 _aReligious Literature
653 _aAssamese Literature
653 _aPG-Assamese
942 _2ddc
_cBK
999 _c4763
_d4763